Artículos escojidos de Rómulo Mandiola. Tomo I

I tiakina i:
Ngā taipitopito rārangi puna kōrero
Kaituhi matua: Mandiola, Rómulo (autor)
Hōputu: Pukapuka
Reo:Pāniora
I whakaputaina: Santiago Imprenta Santiago 1911
Putanga:1a. ed
Ngā marau:
Ngā Tūtohu: Tāpirihia he Tūtohu
Kāore He Tūtohu, Me noho koe te mea tuatahi ki te tūtohu i tēnei pūkete!

MARC

LEADER 00000nam a2200000 a 4500
001 UCJ6370
003 CL-VaPUC
005 20221004074542.0
008 070124e19110210CL |||||||||||||||||spa|d
999 |c 322476  |d 322474 
040 |c Pontificia Universidad Católica de Valparaíso 
082 0 4 |a Ch860  |b MAN  |2 21 
100 |a Mandiola, Rómulo  |e autor  |9 504752 
245 1 0 |a Artículos escojidos de Rómulo Mandiola. Tomo I 
250 |a 1a. ed 
260 |a Santiago  |b Imprenta Santiago  |c 1911 
300 |a 359 p 
500 |a En biblioteca sólo v. I; no obstante, no hay antecedentes de que la obra se haya continuado 
583 |a last modification  |c 20070124 00:00:00  |k Rodrigo Vera 
600 0 7 |a BARRA, EDUARDO DE LA  |2 CL-VaPUC  |9 390300 
600 0 7 |a ALARCON, PEDRO ANTONIO DE  |2 CL-VaPUC  |9 348482 
600 0 7 |a EL ESTANDARTE CATOLICO  |2 CL-VaPUC  |9 512942 
600 0 7 |a EL INDEPENDIENTE  |2 CL-VaPUC  |9 507426 
600 0 7 |a ARMENGOL VALENZUELA, PEDRO  |2 CL-VaPUC  |9 512943 
600 0 |a Lira, Máximo R.,  |d 1846-1916  |9 860756 
600 0 7 |a RAMIREZ SOZA, AUGUSTO  |2 CL-VaPUC  |9 512945 
600 0 7 |a OSSA Y OSSA, CARLOS  |2 CL-VaPUC  |9 512946 
600 0 7 |a ARTEAGA ALEMPARTE, DOMINGO  |2 CL-VaPUC  |9 506651 
600 0 7 |a RODRIGUEZ, ZOROBABEL  |2 CL-VaPUC  |9 438236 
600 0 |a Vicuña Mackenna, Benjamín,  |d 1831-1886  |x Político e historiador   |z Chile   |9 374 
650 0 |a Ensayos chilenos   |9 269132 
650 0 |a Prensa y periodismo   |z Chile  |9 504409 
650 7 |a DIARIOS Y REVISTAS  |2 CL-VaPUC  |9 504436 
650 0 |a Crítica literaria   |9 269189 
650 0 |a Biografías  |9 255210 
650 7 |a ONOMATOLOGIA  |2 CL-VaPUC  |9 374848 
942 |c BK  |2 ddc 
945 |d 20070124 00:00:00  |a rinostro 
952 |0 0  |1 0  |4 0  |6 CH_860_000000000000000_MAN_1911  |7 0  |8 X  |9 401477  |a FDOBUD  |b FDOBUD  |d 2019-11-22  |i 1047256  |o Ch860 MAN 1911  |p 1047256  |r 2019-11-22  |w 2019-11-22  |y BK_X  |k BUD